| 000 | 00489nam a22001817a 4500 | ||
|---|---|---|---|
| 999 |
_c30877 _d30876 |
||
| 003 | OSt | ||
| 005 | 20180914024029.0 | ||
| 008 | 180914b ||||| |||| 00| 0 eng d | ||
| 020 | _a1259091775 | ||
| 040 |
_aMMU _beng _cMMU _dMMU |
||
| 050 | _aRC623.5 .D548 2013 | ||
| 100 | _aMadill Janet | ||
| 245 | _aDiet & nutritional assessment/ | ||
| 260 |
_aWestern university college: _bMcGraw Hill, _c2013. |
||
| 300 |
_av, 215p.; _bill.; |
||
| 500 | _aIncludes index | ||
| 942 |
_2lcc _cLOAN LOAN |
||